High School Musical - Bop To The Top Lyrics - Statistics

General Stats
  • This quiz has been taken 25 times
    21 since last reset
  • The average score is 118 of 189
Answer Stats
Answer % Correct
bop
100%
the
100%
to
100%
top
100%
a
94%
and
94%
I
83%
we
83%
be
72%
ever
72%
in
72%
stop
72%
do
67%
for
67%
gonna
67%
that
67%
we're
67%
all
61%
around
61%
don't
61%
got
61%
slide
61%
stars
61%
your
61%
away
56%
climb
56%
of
56%
off
56%
one
56%
our
56%
out
56%
slip
56%
till
56%
yeah
56%
again
50%
anything
50%
believe
50%
dreaming
50%
it
50%
ladder
50%
my
50%
rhythm
50%
ride
50%
shooting
50%
start
50%
baby
44%
bar
44%
everyday
44%
hustle
44%
like
44%
muscle
44%
music
44%
number
44%
raise
44%
reach
44%
show
44%
some
44%
tails
44%
takes
44%
won't
44%
you've
44%
best
39%
blow
39%
drop
39%
gotta
39%
kicking
39%
mop
39%
success
39%
zip
39%
zop
39%
booty
33%
grinding
33%
hop
33%
just
33%
scratching
33%
shake
33%
them
33%
turn
33%
up
33%
we'll
33%
wipe
33%
zap
33%
competition
28%
corner
28%
jump
28%
move
28%
scoot
28%
shimmy
28%
until
28%
direction
22%
gimme
22%
glory
22%
going
22%
inhibitions
22%
stepping
22%
stops
22%
strut
22%
stuff
22%
their
22%
flash
17%
flop
17%
groove
17%
keep
17%
smile
17%
straight
17%
bump
11%
rump
11%
stump
11%
working
6%
No matching quizzes found
Score Distribution
Percent of People with Each Score
Percentile by Number Answered
Your Score History
You have not taken this quiz since the last reset